Concepts fondamentaux de l'informatique

Initiation à l'informatique explique dans un langage clair et accessible, les concepts fondamentaux, le " comment ça marche, l'informatique ? ". L'ouvrage est divisé en trois parties, les deux premières étant liées. Les langages : l'auteur présente un langage alg...

Cijeli opis

Spremljeno u:
Bibliografski detalji
Glavni autor: Aho, Alfred
Format: Knjiga
Jezik:Undetermined
Izdano: Paris Dunod 1993
Teme:
Oznake: Dodaj oznaku
Bez oznaka, Budi prvi tko označuje ovaj zapis!
Thư viện lưu trữ: Trung tâm Học liệu Trường Đại học Cần Thơ
LEADER 01183nam a2200193Ia 4500
001 CTU_232793
008 210402s9999 xx 000 0 und d
082 |a 004 
082 |b A286 
100 |a Aho, Alfred 
245 0 |a Concepts fondamentaux de l'informatique 
245 0 |c Alfred Aho, Jeffrey Ullman 
260 |a Paris 
260 |b Dunod 
260 |c 1993 
520 |a Initiation à l'informatique explique dans un langage clair et accessible, les concepts fondamentaux, le " comment ça marche, l'informatique ? ". L'ouvrage est divisé en trois parties, les deux premières étant liées. Les langages : l'auteur présente un langage algorithmique qui permet de décrire de façon simple et concise le fonctionnement d'un programme. Il aborde les notions de quelques langages de programmation actuellement utilisés. Algorithmes classiques : en utilisant le langage décrit dans la première partie, l'auteur dévoile le fonctionnement des algorithmes devenus des classiques de l'informatique contemporaine (multimédia). 
650 |a Khoa học máy tính,Computer science 
910 |b dqhieu 
980 |a Trung tâm Học liệu Trường Đại học Cần Thơ